000 00546nam a22002057a 4500
001 BT-PhCST
003 BT-PhCST
005 20190204170949.0
008 150305b xxu||||| |||| 00| 0 eng d
020 _a9780073380711
040 _aBT-PhCST
_cBT-PhCST
_dBT-PhCST
050 _aAcc. No 17964 - 17965
082 _222
_a621.38275
100 _aKeiser, Gred.
245 _aOptical fiber communications /
250 _a4th
260 _aNew York,
_bMcGraw - Hill,
_cc2000.
300 _axxxviii, 654p. ;
_bill. ;
_c24.5 cm
942 _2ddc
_cECE
_01
999 _c5251
_d5251